|
|
|
|
| LEADER |
01654nam a2200409 a 4500 |
| 001 |
000398769 |
| 003 |
CZ BrMZK |
| 005 |
20250224115450.0 |
| 007 |
ta |
| 008 |
930930s1999 xr a e 000 cze d |
| 015 |
|
|
|a cnb000601200
|
| 020 |
|
|
|a 80-206-0566-5
|z 80-2060-566-5
|
| 035 |
|
|
|a (OCoLC)42029798
|
| 040 |
|
|
|a BOA001
|b cze
|
| 045 |
|
|
|a x3x4
|
| 072 |
|
7 |
|a 355/359
|x Vojenství. Obrana země. Ozbrojené síly
|2 Konspekt
|9 15
|
| 080 |
|
|
|a 355.46
|2 MRF
|
| 080 |
|
|
|a 94(100)"1939/1945"
|2 MRF
|
| 080 |
|
|
|a (0:82-96)
|2 MRF
|
| 100 |
1 |
|
|a Hrbek, Jaroslav,
|d 1951-2009
|7 jn19990009846
|4 aut
|
| 245 |
1 |
0 |
|a Vítězství přichází z moře :
|b od vylodění u Anzia po kapitulaci v Tokijském zálivu /
|c Jaroslav Hrbek, Ivan Hrbek
|
| 250 |
|
|
|a Vyd. 1.
|
| 260 |
|
|
|a Praha :
|b Naše vojsko,
|c 1999
|
| 300 |
|
|
|a 507 s. :
|b mapy, obr. ;
|c 25 cm
|
| 504 |
|
|
|a Obsahuje bibliografii
|
| 500 |
|
|
|a Dostupné též v digitální podobě v aplikaci Kramerius
|
| 648 |
|
7 |
|a 1939-1945
|7 ch460653
|2 czenas
|
| 650 |
0 |
7 |
|a námořní operace
|7 ph123416
|y 1939-1945
|2 czenas
|
| 650 |
0 |
7 |
|a druhá světová válka (1939-1945)
|7 ph117270
|2 czenas
|
| 655 |
|
7 |
|a literatura faktu
|7 fd132773
|2 czenas
|
| 700 |
1 |
|
|a Hrbek, Ivan,
|d 1923-1993
|7 jk01042699
|4 aut
|
| 856 |
4 |
1 |
|u http://www.digitalniknihovna.cz/mzk/uuid/uuid:1deea4f0-f41e-11ef-b384-005056827e52
|y Digitalizovaný dokument
|x NDK
|
| 910 |
|
|
|a BOA001
|b 3-1056.782
|
| 990 |
|
|
|a BK
|
| 991 |
|
|
|b 200707
|
| 996 |
6 |
|
|b 2610088413
|c 3-1056.782
|l MZK
|r Sklad / do 1 hodiny
|n 25
|p p.v.
|w 000398769
|u 000010
|a 1
|e BOA001
|j MZK50
|s P
|
| 996 |
7 |
|
|b 2611011808
|c 3-1056.782
|l MZK
|r Sklad / do 1 hodiny
|n 0
|p dar
|w 000398769
|u 000020
|a 1
|e BOA001
|j MZK50
|s A
|